000 00798nam a2200265Ia 4500
001 dia_2300
003 CHAP
005 20230621131311.0
008 220117s[197 xx 000 0 und d
010 _a172820
040 _cCHAP
082 _a338.3 A44 [197?]
245 _aAlgunas experiencias sobre planeación de utilidades y sistemas de información a la dirección /
_c Alberto Nuñez Esteva...[et al.]
260 _aMéxico :
_b s. n.,
_c[197
300 _aca. 50 h.
503 _aD.
590 _aHF5635 A44 [197?]
650 _aFinance
_9150196
650 _aFinanzas
_940930
700 _aNuñez Esteva, Alberto, coaut.
_9152544
901 _a338.3 A44 [197?]
902 _aM
905 _a523227[197?] mx n 8223123322spa16
942 _cLIBRO
_2ddc
999 _c172820
_d172820